Труды Государственного экспериментального института силикатов. Вып.6: Об огнеупорном материале для футеровки известково-обжигательных печей (Запись № 2961610)

Подробности
000 -МАРКЕР
контрольное поле 01785nam2a22002771 4500
001 - ИДЕНТИФИКАТОР ЗАПИСИ
контрольное поле RU\NLR\INFOCOMM20\5000049689
005 - ИДЕНТИФИКАТОР ВЕРСИИ
контрольное поле 20250617171941.0
035 ## - ДРУГИЕ СИСТЕМНЫЕ НОМЕРА
Идентификатор записи (NLR Aleph) 002844594
100 ## - ДАННЫЕ ОБЩЕЙ ОБРАБОТКИ
Данные общей обработки 20050303d1932 |||y0rusy50 ca
101 0# - ЯЗЫК РЕСУРСА
Язык текста, звукозаписи и т.д. русский
102 ## - СТРАНА ПУБЛИКАЦИИ ИЛИ ПРОИЗВОДСТВА
Страна публикации Российская Федерация
105 ## - ПОЛЕ КОДИРОВАННЫХ ДАННЫХ: ТЕКСТОВЫЕ МАТЕРИАЛЫ, МОНОГРАФИЧЕСКИЕ
Кодированные данные о монографическом текстовом документе y ||||000|y
200 1# - ЗАГЛАВИЕ И СВЕДЕНИЯ ОБ ОТВЕТСТВЕННОСТИ
Основное заглавие Об огнеупорном материале для футеровки известково-обжигательных печей
Первые сведения об ответственности Д.Н. Полубояринов
210 ## - ПУБЛИКАЦИЯ, РАСПРОСТРАНЕНИЕ И ДР.
Дата издания, распространения и т.д. 1932
Место издания, распространения и т.д. Б. м.
423 #0 - ИЗДАЕТСЯ В ОДНОЙ ОБЛОЖКЕ ВМЕСТЕ С ...
Встроенное поле 2001#$aО разжижении бородинских глин$fМ.В. Бялецкая
-- 700#1$aБялецкая$bМ.В.
Заглавие О разжижении бородинских глин
Автор Бялецкая, М.В.
423 #0 - ИЗДАЕТСЯ В ОДНОЙ ОБЛОЖКЕ ВМЕСТЕ С ...
Встроенное поле 2001#$aИсследование магнезита и магнезитового кирпича$fВ.Н. Швецов
-- 700#1$aШвецов$bВ.Н.
Заглавие Исследование магнезита и магнезитового кирпича
Автор Швецов, В.Н.
461 #0 - УРОВЕНЬ НАБОРА
Встроенное поле 001RU\NLR\INFOCOMM20\5000049560
-- 2001#$aТруды Государственного экспериментального института силикатов$fНаучно-технический отдел ВСНХ$vВып.6
Системный номер (АБИС) связанной записи 2961142
Автор Экспериментальный институт силикатов (Москва)
Место публикации М.
Дата публикации 1923, 1931-1932
Первые сведения об ответственности Научно-технический отдел ВСНХ
Заглавие Труды Государственного экспериментального института силикатов
Номер тома Вып.6
700 #1 - ИМЯ ЛИЦА - ПЕРВИЧНАЯ ОТВЕТСТВЕННОСТЬ
Начальный элемент ввода Полубояринов
Часть имени, кроме начального элемента ввода Д.Н.
Код отношения Автор
801 #1 - ИСТОЧНИК ЗАПИСИ
Страна Российская Федерация
Организация InfoComm
Дата составления 20050303
801 #0 - ИСТОЧНИК ЗАПИСИ
Страна Российская Федерация
Организация NLR
Правила каталогизации PSBO
852 ## - МЕСТОНАХОЖДЕНИЕ И ШИФР ХРАНЕНИЯ
Идентификатор организации NLR
Шифр хранения (Call Number) 32-19/158
942 ## - ДОПОЛНИТЕЛЬНЫЕ ЭЛЕМЕНТЫ ЗАПИСИ (АБИС)
Тип экземпляра АБИС Выпуск
980 ## - КОЛЛЕКЦИЯ
Название коллекции Национальная библиография
980 ## - КОЛЛЕКЦИЯ
Название коллекции Русская периодика

Нет доступных экземпляров.